[Event "2. Bundesliga Ost 2013/2014"]
[Site "Zwettl"]
[Date "2013.11.24"]
[Round "4"]
[Board "4"]
[White "Nemeth, Denes"]
[Black "Prinzjakowitsch, Bernhard"]
[Result "1-0"]
[WhiteElo "2275"]
[BlackElo "2126"]
[PlyCount "75"]
[EventDate "2013.10.05"]
[EventType "team"]
[EventRounds "11"]
[EventCountry "AUT"]
[WhiteTeam "SGM Sparkasse Ternitz"]
[BlackTeam "Raiffeisen Waehring"]

1. d4 d5 2. c4 e6 3. Nf3 Nf6 4. g3 Nbd7 5. Bg2 c6 6. Nbd2 Be7 7. O-O O-O 8. Qc2
b6 9. e4 dxe4 10. Nxe4 Bb7 11. Rd1 Nxe4 12. Qxe4 Nf6 13. Qe2 Qc7 14. Bf4 Bd6
15. Ne5 Nd7 16. Rac1 Bxe5 17. Bxe5 Nxe5 18. Qxe5 Qxe5 19. dxe5 Rfd8 20. b4 Rab8
21. Rxd8+ Rxd8 22. b5 Kf8 23. bxc6 Ba6 24. h4 Ke7 25. c5 Be2 26. cxb6 axb6 27.
c7 Rc8 28. Bb7 Kd7 29. Bxc8+ Kxc8 30. Rc6 b5 31. f4 Bf3 32. Rc3 Bd5 33. a3 Bc4
34. a4 Be2 35. Kf2 b4 36. Rb3 Bd1 37. Rxb4 Kxc7 38. a5 1-0

[Event "2. Bundesliga Ost 2013/2014"]
[Site "Zwettl"]
[Date "2013.11.24"]
[Round "4"]
[Board "6"]
[White "Braun, Karl-Heinz"]
[Black "Iro, Christian"]
[Result "1-0"]
[WhiteElo "2050"]
[BlackElo "1902"]
[PlyCount "83"]
[EventDate "2013.10.05"]
[EventType "team"]
[EventRounds "11"]
[EventCountry "AUT"]
[WhiteTeam "SGM Sparkasse Ternitz"]
[BlackTeam "Raiffeisen Waehring"]

1. Nf3 Nf6 2. g3 g6 3. Bg2 Bg7 4. c4 d6 5. d4 O-O 6. O-O c5 7. Nc3 Nc6 8. d5
Na5 9. Qd3 a6 10. e4 Rb8 11. Rb1 b5 12. Nd2 Bd7 13. h3 bxc4 14. Nxc4 Nxc4 15.
Qxc4 Bb5 16. Nxb5 axb5 17. Qc2 b4 18. a3 Qb6 19. b3 bxa3 20. Bxa3 Ra8 21. Bc1
Rfb8 22. Be3 Qb4 23. Bd2 Qa3 24. Bc3 Qa2 25. Rb2 Qa6 26. Rfb1 Nd7 27. Bxg7 Kxg7
28. f4 Rb4 29. e5 Ra7 30. Qc3 Kg8 31. Bf1 Qb6 32. Bc4 Qc7 33. Re2 Nb6 34. Rbe1
Qd7 35. e6 fxe6 36. Rxe6 Qb7 37. Rxd6 exd6 38. Re8+ Kf7 39. Qh8 Ra1+ 40. Kf2
Ra2+ 41. Kf3 Nd7 42. Qg8+ 1-0

[Event "2. Bundesliga Ost 2013/2014"]
[Site "Wien"]
[Date "2013.12.07"]
[Round "5"]
[Board "1"]
[White "Csonka, Attila"]
[Black "Videki, Sandor"]
[Result "0-1"]
[WhiteElo "2387"]
[BlackElo "2434"]
[PlyCount "134"]
[EventDate "2013.10.05"]
[EventType "team"]
[EventRounds "11"]
[EventCountry "AUT"]
[WhiteTeam "SGM Sparkasse Ternitz"]
[BlackTeam "Spg Data Technology Eichgraben/P."]

1. e4 c5 2. Nf3 Nc6 3. d4 cxd4 4. Nxd4 g6 5. Nb3 Bg7 6. Be2 Nf6 7. Nc3 d6 8.
O-O O-O 9. Re1 a6 10. Bf1 b5 11. Nd5 Nd7 12. c3 e6 13. Ne3 Nb6 14. Nc2 Qc7 15.
Bf4 Rd8 16. Qd2 Na4 17. Ne3 Ne5 18. Bg5 Rd7 19. Rac1 Nc5 20. f3 Bb7 21. Nxc5
Qxc5 22. Bf4 d5 23. exd5 Rxd5 24. Qf2 Nd3 25. Bxd3 Rxd3 26. Ng4 Qxf2+ 27. Nxf2
Rd7 28. Rcd1 Rad8 29. Bc7 Rxd1 30. Rxd1 Rxd1+ 31. Nxd1 Bd5 32. a3 Kf8 33. Kf2
Ke7 34. Ne3 Bb3 35. f4 Kd7 36. Bb8 f6 37. Kf3 Kc6 38. g4 Kb7 39. Bd6 Kc6 40.
Bb8 Kb7 41. Bd6 Kc6 42. Bb8 Bf8 43. Ba7 Bd6 44. c4 Bxc4 45. Bd4 e5 46. fxe5
fxe5 47. Bc3 Bd5+ 48. Kf2 e4 49. h4 Be6 50. g5 Bc7 51. Nc2 Bc4 52. Ke3 Bg3 53.
Nb4+ Kb7 54. Kxe4 Bxh4 55. Bd2 Bg3 56. Nd5 Kc6 57. Nf6 Be6 58. Bc3 Kc5 59. Nxh7
Kc4 60. Nf6 Bf5+ 61. Ke3 Bd6 62. Ne4 Bxe4 63. Kxe4 Bxa3 64. bxa3 Kxc3 65. Ke5
a5 66. Kf6 b4 67. axb4 axb4 0-1

[Event "2. Bundesliga Ost 2013/2014"]
[Site "Wien"]
[Date "2013.12.07"]
[Round "5"]
[Board "2"]
[White "Ganaus, Hannes"]
[Black "Schwarhofer, Christopher"]
[Result "0-1"]
[WhiteElo "2302"]
[BlackElo "2310"]
[PlyCount "78"]
[EventDate "2013.10.05"]
[EventType "team"]
[EventRounds "11"]
[EventCountry "AUT"]
[WhiteTeam "Spg Data Technology Eichgraben/P."]
[BlackTeam "SGM Sparkasse Ternitz"]

1. d4 Nf6 2. Nf3 g6 3. c4 Bg7 4. Nc3 O-O 5. g3 d6 6. Bg2 Nfd7 7. h4 h5 8. O-O
c6 9. Bg5 a6 10. a4 a5 11. Qd2 Re8 12. Rfd1 Na6 13. e4 Qc7 14. b3 e5 15. d5
Ndc5 16. Rab1 f6 17. Bh6 Rd8 18. Ne1 Bxh6 19. Qxh6 Qg7 20. Qxg7+ Kxg7 21. Rd2
Nb4 22. Nc2 Nxc2 23. Rxc2 Ra6 24. f3 Kf7 25. Bf1 Bd7 26. Be2 f5 27. Rd2 Ke7 28.
Bd1 Rf8 29. Kg2 Raa8 30. Bc2 f4 31. Ne2 fxg3 32. Kxg3 Rf6 33. Rh1 Raf8 34. Ng1
cxd5 35. cxd5 b5 36. axb5 Bxb5 37. Rd1 Be2 38. Rd2 Bxf3 39. Rhh2 Bxe4 0-1

[Event "2. Bundesliga Ost 2013/2014"]
[Site "Wien"]
[Date "2013.12.07"]
[Round "5"]
[Board "3"]
[White "Danner, Georg"]
[Black "Rumpl, Erwin"]
[Result "1/2-1/2"]
[WhiteElo "2316"]
[BlackElo "2308"]
[PlyCount "81"]
[EventDate "2013.10.05"]
[EventType "team"]
[EventRounds "11"]
[EventCountry "AUT"]
[WhiteTeam "SGM Sparkasse Ternitz"]
[BlackTeam "Spg Data Technology Eichgraben/P."]

1. d4 Nf6 2. c4 c5 3. d5 b5 4. cxb5 a6 5. bxa6 g6 6. Nc3 Bxa6 7. e4 Bxf1 8.
Kxf1 d6 9. Nf3 Bg7 10. g3 O-O 11. Kg2 Nbd7 12. Re1 Ng4 13. Nd2 Nge5 14. Qe2 Nb6
15. a4 c4 16. Rd1 Qc8 17. a5 Qc5 18. Nb3 Qb4 19. Nd4 Nc8 20. Ra4 Qb7 21. f4 Nd3
22. Rxc4 Nxc1 23. Rxc1 Bxd4 24. Rxd4 Rxa5 25. Rc4 Nb6 26. Rb4 Rc8 27. Rf1 Qc7
28. Rb5 Nc4 29. Rxa5 Qxa5 30. Rf3 Qb4 31. Nd1 Rb8 32. Nf2 Nxb2 33. h4 Na4 34.
h5 Nc5 35. hxg6 hxg6 36. Re3 Qd4 37. Qf3 Rb2 38. Re2 Rb3 39. Qg4 Kg7 40. f5 Re3
41. fxg6 1/2-1/2

[Event "2. Bundesliga Ost 2013/2014"]
[Site "Wien"]
[Date "2013.12.07"]
[Round "5"]
[Board "4"]
[White "Neumeier, Klaus"]
[Black "Nemeth, Denes"]
[Result "1-0"]
[WhiteElo "2296"]
[BlackElo "2275"]
[PlyCount "63"]
[EventDate "2013.10.05"]
[EventType "team"]
[EventRounds "11"]
[EventCountry "AUT"]
[WhiteTeam "Spg Data Technology Eichgraben/P."]
[BlackTeam "SGM Sparkasse Ternitz"]

1. d4 Nf6 2. c4 e6 3. Nf3 b6 4. g3 Ba6 5. b3 Bb7 6. Bg2 Bb4+ 7. Bd2 a5 8. O-O
O-O 9. a3 Be7 10. Nc3 Ne4 11. Qc2 Nxd2 12. Nxd2 Bxg2 13. Kxg2 d6 14. Qe4 Na6
15. Rfd1 Bf6 16. Rac1 Re8 17. Nf3 e5 18. Qc6 exd4 19. Nd5 Be5 20. Rc2 Ra7 21.
Nxd4 Bxd4 22. Rxd4 Nb8 23. Qb5 Qc8 24. Rg4 Re5 25. Rg5 c6 26. Qxb6 Rxg5 27.
Qxa7 cxd5 28. cxd5 Qe8 29. Qb7 Nc6 30. Qxc6 Re5 31. Qxe8+ Rxe8 32. Rc6 1-0

[Event "2. Bundesliga Ost 2013/2014"]
[Site "Wien"]
[Date "2013.12.07"]
[Round "5"]
[Board "6"]
[White "Wandl, Werner"]
[Black "Ungerboeck, Guenter"]
[Result "1-0"]
[WhiteElo "2063"]
[BlackElo "2025"]
[PlyCount "61"]
[EventDate "2013.10.05"]
[EventType "team"]
[EventRounds "11"]
[EventCountry "AUT"]
[WhiteTeam "Spg Data Technology Eichgraben/P."]
[BlackTeam "SGM Sparkasse Ternitz"]

1. e4 c5 2. Nc3 g6 3. g3 Bg7 4. Bg2 Nc6 5. d3 Nf6 6. f4 d6 7. Nf3 O-O 8. O-O
Bd7 9. h3 Ne8 10. Be3 Rc8 11. Qd2 f5 12. exf5 Bxf5 13. d4 b6 14. g4 cxd4 15.
Nxd4 Nxd4 16. Bxd4 Be6 17. Rfe1 Bf7 18. Qe3 Bxd4 19. Qxd4 Nf6 20. Qe3 e5 21.
fxe5 dxe5 22. Qxe5 Re8 23. Qf4 Kg7 24. Rf1 Rc4 25. Qf2 Qd4 26. Rad1 Qxf2+ 27.
Rxf2 Re7 28. Rdf1 Nd7 29. Rxf7+ Rxf7 30. Rxf7+ Kxf7 31. Bd5+ 1-0

[Event "2. Bundesliga Ost 2013/2014"]
[Site "Wien"]
[Date "2013.12.07"]
[Round "5"]
[Board "1"]
[White "Zilka, Stepan"]
[Black "Sommerbauer, Norbert"]
[Result "1/2-1/2"]
[WhiteElo "2525"]
[BlackElo "2424"]
[PlyCount "62"]
[EventDate "2013.10.05"]
[EventType "team"]
[EventRounds "11"]
[EventCountry "AUT"]
[WhiteTeam "Blackburne Nickelsdorf"]
[BlackTeam "Raiffeisen Waehring"]

1. d4 d6 2. Nf3 Bg4 3. Nbd2 Nf6 4. h3 Bh5 5. g3 c6 6. Bg2 e6 7. O-O Be7 8. e4
d5 9. e5 Ne4 10. Qe2 Nxd2 11. Bxd2 O-O 12. Be3 Nd7 13. g4 Bg6 14. Ne1 f6 15.
exf6 Bxf6 16. f4 Qb6 17. c3 Qa6 18. Qd2 Be7 19. Nf3 Be4 20. Rfe1 Rae8 21. Bf2
Bd6 22. Ne5 Bxe5 23. dxe5 Bxg2 24. Kxg2 Qc4 25. Bd4 Nc5 26. Bxc5 Qxc5 27. Rf1
Rd8 28. Qd4 Qb5 29. b4 b6 30. a4 Qe2+ 31. Rf2 c5 1/2-1/2

[Event "2. Bundesliga Ost 2013/2014"]
[Site "Wien"]
[Date "2013.12.07"]
[Round "5"]
[Board "2"]
[White "Lendwai, Reinhard"]
[Black "Pinter, Erik"]
[Result "0-1"]
[WhiteElo "2379"]
[BlackElo "2358"]
[PlyCount "130"]
[EventDate "2013.10.05"]
[EventType "team"]
[EventRounds "11"]
[EventCountry "AUT"]
[WhiteTeam "Raiffeisen Waehring"]
[BlackTeam "Blackburne Nickelsdorf"]

1. e4 c5 2. Nf3 d6 3. Bb5+ Nd7 4. c4 Ngf6 5. Nc3 g6 6. d4 cxd4 7. Nxd4 Bg7 8.
Be3 O-O 9. Bxd7 Bxd7 10. f3 Qa5 11. Qd2 Rfc8 12. b3 a6 13. Nd5 Qd8 14. a4 Nxd5
15. cxd5 Qc7 16. Ke2 Qd8 17. Rac1 Rxc1 18. Rxc1 Rc8 19. Rxc8 Qxc8 20. Kd3 f5
21. h3 fxe4+ 22. fxe4 e6 23. dxe6 Bxe6 24. Qb4 d5 25. Qe7 dxe4+ 26. Kxe4 Bxb3
27. a5 Bf8 28. Qe5 Bf7 29. Bg5 Qc4 30. Be7 Bxe7 31. Qxe7 Qd5+ 32. Ke3 Qxg2 33.
h4 Qh3+ 34. Ke4 Qh1+ 35. Kf4 Qd5 36. Qb4 h6 37. Qb6 Kg7 38. Qb2 Kh7 39. Nf3
Qf5+ 40. Kg3 Bd5 41. Ne5 g5 42. Qd4 gxh4+ 43. Kxh4 Qe4+ 44. Qxe4+ Bxe4 45. Kg4
Kg7 46. Kf4 Bg2 47. Kf5 Bh3+ 48. Kf4 Kf6 49. Nd3 Bd7 50. Nc5 Bc6 51. Nb3 Ke6
52. Nd4+ Kd5 53. Nf5 h5 54. Kg5 Be8 55. Ng7 Bf7 56. Kf6 h4 57. Kxf7 h3 58. Nf5
h2 59. Ng3 Kc6 60. Ke6 Kb5 61. Kf5 Kxa5 62. Kg4 b5 63. Kh3 b4 64. Kxh2 b3 65.
Ne4 Kb4 0-1

[Event "2. Bundesliga Ost 2013/2014"]
[Site "Wien"]
[Date "2013.12.07"]
[Round "5"]
[Board "3"]
[White "Vlcek, Stanislav"]
[Black "Kirschner, Alexander"]
[Result "1-0"]
[WhiteElo "2309"]
[BlackElo "2286"]
[PlyCount "105"]
[EventDate "2013.10.05"]
[EventType "team"]
[EventRounds "11"]
[EventCountry "AUT"]
[WhiteTeam "Blackburne Nickelsdorf"]
[BlackTeam "Raiffeisen Waehring"]

1. e4 e6 2. d4 d5 3. Nc3 Bb4 4. e5 c5 5. a3 Bxc3+ 6. bxc3 Qa5 7. Bd2 Qa4 8. Qb1
c4 9. h4 Nc6 10. h5 Bd7 11. h6 Nxh6 12. Bxh6 gxh6 13. Nf3 O-O-O 14. Qc1 Rdg8
15. Rxh6 Rg6 16. Rh5 h6 17. g3 f5 18. exf6 Rxf6 19. Nh2 Be8 20. Rh4 Rhf8 21. f4
Rg8 22. Ng4 Rfg6 23. Bh3 Bd7 24. Ne3 Rxg3 25. Kf2 R3g6 26. Rg4 Qa5 27. Qe1 Qd8
28. Ke2 h5 29. Rxg6 Rxg6 30. Qf2 Qa5 31. f5 Rf6 32. Qh4 Qxc3 33. Rd1 Rxf5 34.
Bxf5 exf5 35. Nxd5 Qxc2+ 36. Rd2 Qa4 37. Qf6 Qa5 38. Qh8+ Qd8 39. Qxh5 Be6 40.
Nf4 Qe7 41. Qh8+ Nd8 42. Qe5 c3 43. Rd3 Qxa3 44. Nxe6 Qa2+ 45. Kf3 Nxe6 46.
Rxc3+ Kd8 47. Qf6+ Ke8 48. Qe5 Kd8 49. d5 Ng5+ 50. Ke3 Ne4 51. Qb8+ Ke7 52.
Rc7+ Kf6 53. Qh8+ 1-0

[Event "2. Bundesliga Ost 2013/2014"]
[Site "Wien"]
[Date "2013.12.07"]
[Round "5"]
[Board "4"]
[White "Brustkern, Juergen"]
[Black "Bachofner, Andreas"]
[Result "0-1"]
[WhiteElo "2241"]
[BlackElo "2222"]
[PlyCount "66"]
[EventDate "2013.10.05"]
[EventType "team"]
[EventRounds "11"]
[EventCountry "AUT"]
[WhiteTeam "Raiffeisen Waehring"]
[BlackTeam "Blackburne Nickelsdorf"]

1. e4 e6 2. d3 d5 3. Qe2 Nf6 4. Nf3 Be7 5. g3 O-O 6. Bg2 c5 7. O-O Nc6 8. e5
Nd7 9. c4 Nb6 10. Bf4 Re8 11. Re1 Bd7 12. h4 Rc8 13. b3 a5 14. Nbd2 Nb4 15. Nf1
dxc4 16. dxc4 Bc6 17. Rad1 Qc7 18. h5 Rcd8 19. h6 g6 20. N1h2 Rxd1 21. Rxd1 Rd8
22. Rd6 Nc8 23. a3 Na6 24. Qb2 Rd7 25. Ng5 Bxg2 26. Kxg2 Qd8 27. Ng4 Nc7 28.
Ne4 Ne8 29. Nxc5 Ncxd6 30. exd6 Rxd6 31. Nxb7 Qa8 32. Bxd6 Qxb7+ 33. Kh2 Bxd6
 0-1

[Event "2. Bundesliga Ost 2013/2014"]
[Site "Wien"]
[Date "2013.12.07"]
[Round "5"]
[Board "5"]
[White "Koffler, Daniel"]
[Black "Juraczka, Franz"]
[Result "1/2-1/2"]
[WhiteElo "2180"]
[BlackElo "2240"]
[PlyCount "184"]
[EventDate "2013.10.05"]
[EventType "team"]
[EventRounds "11"]
[EventCountry "AUT"]
[WhiteTeam "Blackburne Nickelsdorf"]
[BlackTeam "Raiffeisen Waehring"]

1. d4 Nf6 2. c4 e6 3. Nc3 Bb4 4. e3 O-O 5. Nge2 d5 6. a3 Be7 7. cxd5 exd5 8.
Nf4 c6 9. Bd3 Re8 10. O-O Nbd7 11. f3 Nf8 12. Kh1 Bd6 13. g3 Ng6 14. Nxg6 hxg6
15. Rf2 Bf5 16. Bf1 Qd7 17. Bd2 Re7 18. Bg2 Rae8 19. Qf1 g5 20. e4 dxe4 21.
fxe4 Nxe4 22. Nxe4 Bxe4 23. Bxg5 f6 24. Bd2 Bxg2+ 25. Qxg2 Bc7 26. Bc3 Bb6 27.
Rd1 Qg4 28. Qf3 Qh3 29. Qg2 Qg4 30. Qf3 Qxf3+ 31. Rxf3 Re2 32. Rfd3 Kf7 33.
R3d2 Rxd2 34. Rxd2 Re1+ 35. Kg2 Ke6 36. Kf2 Re4 37. Kf3 Kd5 38. h4 f5 39. h5
Bc7 40. Rh2 Rg4 41. Rh3 Bd6 42. Be1 a6 43. h6 gxh6 44. Rxh6 Rxd4 45. Rf6 Rd3+
46. Ke2 Rb3 47. Bc3 Bxa3 48. Rxf5+ Ke6 49. Rf6+ Ke7 50. Rf3 Bxb2 51. Bf6+ Bxf6
52. Rxb3 b5 53. Ra3 Kd6 54. Rxa6 Kc5 55. Kd3 Kd5 56. Rb6 Be7 57. g4 Bf6 58. Rb7
Bh4 59. Rh7 Bf6 60. g5 Be5 61. g6 Ke6 62. Rb7 c5 63. Ke4 Bd4 64. Rxb5 Kf6 65.
Rb6+ Kg7 66. Kf5 Bc3 67. Rc6 Bd4 68. Rc7+ Kg8 69. Kg5 Be3+ 70. Kh5 Bd4 71. Re7
Bc3 72. Re2 Kg7 73. Rc2 Bd4 74. Rc4 Kg8 75. Ra4 Kg7 76. Ra3 Kf6 77. Kh6 Ke6 78.
Rd3 Bf6 79. g7 Bxg7+ 80. Kxg7 Ke5 81. Rd8 c4 82. Kg6 Ke4 83. Re8+ Kd3 84. Rd8+
Ke3 85. Rc8 Kd3 86. Kf5 c3 87. Kf4 c2 88. Kf3 Kd2 89. Rd8+ Kc3 90. Ke2 c1=Q 91.
Rc8+ Kb2 92. Rxc1 Kxc1 1/2-1/2

[Event "2. Bundesliga Ost 2013/2014"]
[Site "Wien"]
[Date "2013.12.07"]
[Round "5"]
[Board "6"]
[White "Todor, Razvan"]
[Black "Steinert, Martin"]
[Result "1/2-1/2"]
[WhiteElo "2161"]
[BlackElo "2095"]
[PlyCount "61"]
[EventDate "2013.10.05"]
[EventType "team"]
[EventRounds "11"]
[EventCountry "AUT"]
[WhiteTeam "Raiffeisen Waehring"]
[BlackTeam "Blackburne Nickelsdorf"]

1. c4 Nf6 2. g3 c5 3. Bg2 Nc6 4. Nc3 e6 5. e4 a6 6. Nge2 Rb8 7. a4 d6 8. O-O
Qb6 9. d3 Be7 10. h3 Qa7 11. Be3 Nd4 12. b4 Nd7 13. bxc5 dxc5 14. f4 O-O 15.
Rb1 Ra8 16. g4 Nb8 17. g5 Nbc6 18. Ng3 Rd8 19. Rb2 Qb8 20. e5 Qc7 21. Nce4 Nf5
22. Nxf5 exf5 23. Nxc5 Nxe5 24. Nxb7 Rxd3 25. Qe2 Rxe3 26. Qxe3 Nxc4 27. Qc3
Rb8 28. Rc2 Qb6+ 29. Kh1 Be6 30. Qf3 Ne3 31. Rc6 1/2-1/2

[Event "2. Bundesliga Ost 2013/2014"]
[Site "Wien"]
[Date "2013.12.07"]
[Round "5"]
[Board "1"]
[White "Nagy, Bence"]
[Black "Markos, Jan"]
[Result "1/2-1/2"]
[WhiteElo "2358"]
[BlackElo "2584"]
[PlyCount "70"]
[EventDate "2013.10.05"]
[EventType "team"]
[EventRounds "11"]
[EventCountry "AUT"]
[WhiteTeam "SK Austria"]
[BlackTeam "ASVOE Pamhagen"]

1. e4 c5 2. Nf3 Nc6 3. Nc3 Nf6 4. d4 cxd4 5. Nxd4 e5 6. Ndb5 d6 7. Bg5 a6 8.
Na3 b5 9. Bxf6 gxf6 10. Nd5 Bg7 11. c3 f5 12. exf5 Bxf5 13. Nc2 Be6 14. a4 bxa4
15. Rxa4 O-O 16. Rxa6 Rxa6 17. Bxa6 Bxd5 18. Qxd5 Qb6 19. Bc4 Ne7 20. Qb5 Qa7
21. Qa6 Qc5 22. Qb5 Qxb5 23. Bxb5 Rb8 24. Na3 Nd5 25. Bc6 Ne7 26. Bb5 Nd5 27.
Bc6 Nc7 28. b4 Rb6 29. b5 d5 30. Kd2 Nxb5 31. Bxb5 Bf8 32. Nc4 Rxb5 33. Nxe5
Rb2+ 34. Kd3 Rxf2 35. Ng4 Rxg2 1/2-1/2

[Event "2. Bundesliga Ost 2013/2014"]
[Site "Wien"]
[Date "2013.12.07"]
[Round "5"]
[Board "2"]
[White "Michalik, Peter"]
[Black "Sardy, Peter"]
[Result "1-0"]
[WhiteElo "2584"]
[BlackElo "2337"]
[PlyCount "83"]
[EventDate "2013.10.05"]
[EventType "team"]
[EventRounds "11"]
[EventCountry "AUT"]
[WhiteTeam "ASVOE Pamhagen"]
[BlackTeam "SK Austria"]

1. d4 g6 2. c4 Bg7 3. Nc3 c5 4. d5 d6 5. e4 e5 6. Bd3 Ne7 7. f4 O-O 8. fxe5
Bxe5 9. Nf3 Bg4 10. Qc2 Bxf3 11. gxf3 Nc8 12. f4 Qh4+ 13. Qf2 Qxf2+ 14. Kxf2
Bxc3 15. bxc3 Nd7 16. Bd2 Ne7 17. Rab1 b6 18. Rbe1 Rae8 19. Bc2 f6 20. h4 Kg7
21. Ba4 Rd8 22. Rh3 Ng8 23. Rg1 Rf7 24. Ke2 Re7 25. Kd3 Nf8 26. h5 a6 27. Rhg3
Nh6 28. Bd1 f5 29. exf5 Nxf5 30. Rh3 b5 31. Bg4 bxc4+ 32. Kxc4 Kf6 33. Kd3 Rde8
34. Bxf5 Kxf5 35. c4 Re4 36. Rg5+ Kf6 37. Bc3+ Kf7 38. f5 Rf4 39. hxg6+ hxg6
40. fxg6+ Nxg6 41. Rh7+ Kf8 42. Rxg6 1-0

[Event "2. Bundesliga Ost 2013/2014"]
[Site "Wien"]
[Date "2013.12.07"]
[Round "5"]
[Board "3"]
[White "Staudner, Oliver"]
[Black "Lipka, Juraj"]
[Result "1/2-1/2"]
[WhiteElo "2392"]
[BlackElo "2419"]
[PlyCount "39"]
[EventDate "2013.10.05"]
[EventType "team"]
[EventRounds "11"]
[EventCountry "AUT"]
[WhiteTeam "SK Austria"]
[BlackTeam "ASVOE Pamhagen"]

1. e4 e6 2. d4 d5 3. Nc3 Nf6 4. e5 Nfd7 5. f4 c5 6. Nf3 Nc6 7. Be3 Rb8 8. a3
Be7 9. Qd2 O-O 10. Rd1 a6 11. Be2 b5 12. dxc5 Bxc5 13. Bxc5 Nxc5 14. b4 Nd7 15.
O-O Bb7 16. Bd3 h6 17. Ne2 Rc8 18. Qe3 Qc7 19. Rfe1 Nb6 20. f5 1/2-1/2

[Event "2. Bundesliga Ost 2013/2014"]
[Site "Wien"]
[Date "2013.12.07"]
[Round "5"]
[Board "4"]
[White "Vitouch, Anatol"]
[Black "Hangweyrer, Manfred"]
[Result "1/2-1/2"]
[WhiteElo "2270"]
[BlackElo "2375"]
[PlyCount "33"]
[EventDate "2013.10.05"]
[EventType "team"]
[EventRounds "11"]
[EventCountry "AUT"]
[WhiteTeam "ASVOE Pamhagen"]
[BlackTeam "SK Austria"]

1. c4 c6 2. g3 d5 3. Nf3 Nf6 4. Bg2 g6 5. b3 Bg7 6. Bb2 O-O 7. O-O Nbd7 8. d4
Ne4 9. Nc3 Ndf6 10. cxd5 Nxc3 11. Bxc3 cxd5 12. Rc1 Ne4 13. Bb2 a5 14. Nd2 Nf6
15. Nf3 a4 16. b4 a3 17. Ba1 1/2-1/2

[Event "2. Bundesliga Ost 2013/2014"]
[Site "Wien"]
[Date "2013.12.07"]
[Round "5"]
[Board "5"]
[White "Druckenthaner, Andreas"]
[Black "Rueckschloss, Karol"]
[Result "1-0"]
[WhiteElo "2324"]
[BlackElo "2244"]
[PlyCount "65"]
[EventDate "2013.10.05"]
[EventType "team"]
[EventRounds "11"]
[EventCountry "AUT"]
[WhiteTeam "SK Austria"]
[BlackTeam "ASVOE Pamhagen"]

1. e4 d6 2. d4 Nf6 3. Nd2 e5 4. c3 c5 5. dxe5 dxe5 6. Ngf3 Qc7 7. Bc4 Bd6 8.
Bb3 O-O 9. Nc4 Rd8 10. Bg5 Be7 11. Qe2 Nc6 12. Ne3 Rd6 13. O-O Be6 14. Bxe6
Rxe6 15. Rfd1 Rd6 16. Bxf6 Bxf6 17. Nd5 Qa5 18. Nd2 Qd8 19. Nc4 Re6 20. Ndb6
axb6 21. Rxd8+ Bxd8 22. Rd1 b5 23. Nd6 Rxa2 24. Nxb7 Be7 25. Qxb5 g6 26. g3 Na7
27. Qb3 Raa6 28. Rd7 Rab6 29. Qd5 Nc6 30. Nxc5 Bxc5 31. Qxc5 Rxb2 32. Rd6 Rb5
33. Qxc6 1-0

[Event "2. Bundesliga Ost 2013/2014"]
[Site "Wien"]
[Date "2013.12.07"]
[Round "5"]
[Board "6"]
[White "Horvath, Maria"]
[Black "Higatsberger, Michael"]
[Result "0-1"]
[WhiteElo "2036"]
[BlackElo "2197"]
[PlyCount "50"]
[EventDate "2013.10.05"]
[EventType "team"]
[EventRounds "11"]
[EventCountry "AUT"]
[WhiteTeam "ASVOE Pamhagen"]
[BlackTeam "SK Austria"]

1. d4 d5 2. c4 c6 3. Nf3 Nf6 4. Nc3 dxc4 5. a4 Bf5 6. e3 e6 7. Bxc4 Bb4 8. O-O
O-O 9. Qe2 Nbd7 10. e4 Bg6 11. e5 Nd5 12. Nxd5 cxd5 13. Bb3 Be7 14. a5 Rc8 15.
Ne1 Nb8 16. Bd2 Nc6 17. Qe3 b6 18. f4 Nxd4 19. Kh1 Nxb3 20. Qxb3 Rc4 21. axb6
Qxb6 22. Qxb6 axb6 23. b3 Rc7 24. Ra6 Rb8 25. Nf3 Bd3 0-1

[Event "2. Bundesliga Ost 2013/2014"]
[Site "Wien"]
[Date "2013.12.07"]
[Round "5"]
[Board "1"]
[White "Volkmann, Friedrich Karl"]
[Black "Brod, Manfred"]
[Result "1/2-1/2"]
[WhiteElo "2420"]
[BlackElo "2237"]
[PlyCount "127"]
[EventDate "2013.10.05"]
[EventType "team"]
[EventRounds "11"]
[EventCountry "AUT"]
[WhiteTeam "ASVOE Wulkaprodersdorf"]
[BlackTeam "ASVOE Mattersburg"]

1. e4 c5 2. Nf3 e6 3. d4 cxd4 4. Nxd4 Nf6 5. Nc3 Nc6 6. g3 d5 7. Bg2 Qb6 8.
Nxc6 bxc6 9. O-O Ba6 10. Re1 Bc5 11. Be3 d4 12. Na4 dxe3 13. Rxe3 Qa5 14. Nxc5
Qxc5 15. Rc3 Qb6 16. Qd6 Rd8 17. Qxc6+ Qxc6 18. Rxc6 Bb7 19. Rc7 Rd7 20. Rxd7
Nxd7 21. f3 Ke7 22. Kf2 Rc8 23. Rc1 Ne5 24. Bf1 f5 25. exf5 exf5 26. c4 Bxf3
27. Ke3 Be4 28. Be2 Ke6 29. b4 Rd8 30. c5 Nc6 31. b5 Nb4 32. c6 Nd5+ 33. Kf2
Kd6 34. a4 Kc7 35. h4 Rd6 36. a5 Rd8 37. Rc5 Kd6 38. Rc4 Kc7 39. g4 g6 40. h5
Nf4 41. hxg6 hxg6 42. gxf5 gxf5 43. Bf1 Ne6 44. Ke3 Rd1 45. Be2 Ra1 46. a6 Ra3+
47. Kd2 Rb3 48. Rc1 Rb1 49. Rc3 Rb2+ 50. Ke3 Kb6 51. Bd3 Bxd3 52. c7 Nxc7 53.
Rc6+ Kxb5 54. Rxc7 Be4 55. Rxa7 Kb6 56. Rf7 Kxa6 57. Rc7 Kb6 58. Rc8 Rb3+ 59.
Kf4 Rf3+ 60. Ke5 Kb7 61. Rc5 Kb6 62. Rc8 Bc6 63. Rf8 Be4 64. Rc8 1/2-1/2

[Event "2. Bundesliga Ost 2013/2014"]
[Site "Wien"]
[Date "2013.12.07"]
[Round "5"]
[Board "2"]
[White "Wiedner, Robert"]
[Black "Sandhu, Mario"]
[Result "1/2-1/2"]
[WhiteElo "2140"]
[BlackElo "2282"]
[PlyCount "154"]
[EventDate "2013.10.05"]
[EventType "team"]
[EventRounds "11"]
[EventCountry "AUT"]
[WhiteTeam "ASVOE Mattersburg"]
[BlackTeam "ASVOE Wulkaprodersdorf"]

1. Nf3 Nf6 2. b3 d5 3. Bb2 c6 4. e3 Bg4 5. Be2 Nbd7 6. d3 Qc7 7. Nbd2 e5 8. h3
Bh5 9. Nh4 Bxe2 10. Qxe2 g6 11. Nhf3 Bg7 12. e4 O-O 13. O-O Nh5 14. g3 f5 15.
c4 fxe4 16. dxe4 d4 17. Ne1 c5 18. Nd3 Rf7 19. Nf3 Raf8 20. Nh2 Qd6 21. Kg2
Nhf6 22. Bc1 Qc6 23. f3 b5 24. cxb5 Qxb5 25. Bd2 Ne8 26. Rfc1 Nd6 27. Rc2 Rc8
28. Rac1 a5 29. Ng4 a4 30. Bh6 axb3 31. axb3 Qxb3 32. Nxc5 Nxc5 33. Rxc5 Rxc5
34. Rxc5 Ra7 35. Qf1 Ra2+ 36. Kg1 Bxh6 37. Nxh6+ Kf8 38. Ng4 Qb2 39. Rc1 d3 40.
Rb1 Qd4+ 41. Nf2 Qe3 42. Rd1 d2 43. Kg2 h5 44. Rb1 Rc2 45. Nd1 Qc5 46. f4 Ke7
47. Qd3 Qc4 48. Qxc4 Rxc4 49. Rb2 Nxe4 50. Kf3 exf4 51. gxf4 Nc3 52. Rxd2 Nxd1
53. Rxd1 Rc3+ 54. Kg2 Ke6 55. Ra1 Kf5 56. Ra4 Re3 57. Ra6 h4 58. Ra2 Rg3+ 59.
Kh2 Rf3 60. Ra7 Kxf4 61. Ra4+ Kg5 62. Rg4+ Kh5 63. Kg2 Rf5 64. Ra4 Rd5 65. Ra2
Kg5 66. Rf2 Rd3 67. Kh2 Rd4 68. Rb2 Kf4 69. Rf2+ Ke5 70. Rg2 Kf5 71. Rb2 g5 72.
Ra2 Rd3 73. Rf2+ Ke4 74. Rg2 Rd5 75. Rg4+ Kf3 76. Kh1 Re5 77. Kh2 Re4 1/2-1/2

[Event "2. Bundesliga Ost 2013/2014"]
[Site "Wien"]
[Date "2013.12.07"]
[Round "5"]
[Board "3"]
[White "Boric, Elena"]
[Black "Salamon, Werner"]
[Result "1/2-1/2"]
[WhiteElo "2235"]
[BlackElo "2122"]
[PlyCount "49"]
[EventDate "2013.10.05"]
[EventType "team"]
[EventRounds "11"]
[EventCountry "AUT"]
[WhiteTeam "ASVOE Wulkaprodersdorf"]
[BlackTeam "ASVOE Mattersburg"]

1. e4 e5 2. Nf3 Nc6 3. Bb5 d6 4. O-O Nf6 5. d4 Bd7 6. Nc3 Be7 7. Re1 exd4 8.
Nxd4 O-O 9. Nxc6 Bxc6 10. Bxc6 bxc6 11. Be3 Nd7 12. h3 Bf6 13. Qd3 Re8 14. Qc4
c5 15. Bd2 Nb6 16. Qd3 Qd7 17. Rab1 Qc6 18. Nd5 Nxd5 19. Qxd5 Qa4 20. c3 Rab8
21. Bf4 Qc2 22. Qd2 Qa4 23. Qd5 Qc2 24. Qd2 Qa4 25. Qd5 1/2-1/2